|
|
|
|
| LEADER |
00000nab a2200000 a 4500 |
| 001 |
vtls010294211 |
| 003 |
SK-MaSNL |
| 005 |
20260304154720.0 |
| 008 |
250507|2011 xo m||||||| 000 b|slo |
| 015 |
|
|
|a SNBRB2011/07
|2 lmaosk
|
| 035 |
|
|
|a urn:nbn:sk:snk-ab83fc
|
| 035 |
|
|
|a (urnnbn)urn:nbn:sk:snk:ar-0067ky
|
| 035 |
|
|
|a (uuid)0ec2f583-5233-4cb8-b596-313358573fa4
|
| 040 |
|
|
|a SNKBUCL
|b slo
|c SNKBUCL
|e AACR2
|
| 041 |
0 |
|
|a slo
|
| 044 |
|
|
|a xo
|c SK
|
| 080 |
|
|
|a 2-57:355
|2 2001
|
| 100 |
1 |
|
|a Žiak, Jozef
|4 aut
|9 11588
|
| 245 |
1 |
0 |
|a Vojaci sa stretli v Lurdoch
|c Jozef Žiak
|
| 300 |
|
|
|b Obr.
|
| 611 |
2 |
7 |
|a Medzinárodná vojenská púť
|n (53. :
|d 2011 :
|c Lurdy, Francúzsko)
|2 lmaosk
|9 1479656
|
| 650 |
0 |
7 |
|a vojenské púte
|2 lmaosk
|9 1042536
|
| 651 |
|
7 |
|a Lurdy (Francúzsko)
|2 SNKPHgeo
|9 24791
|
| 773 |
0 |
|
|t Obrana
|g Roč. XIX, č. 6 (2011), s. 33
|x 1336-1910
|
| 850 |
|
|
|a Slovenská národná knižnica
|
| 852 |
|
|
|a Slovenská národná knižnica
|
| 856 |
4 |
1 |
|u http://www.mosr.sk/data/files/2471.pdf
|
| 954 |
|
|
|a odborná, vedecká literatúra pôvodná (slovenská)
|2 lita
|
| 958 |
|
|
|a article9
|
| 958 |
|
|
|a NB
|
| 958 |
|
|
|a FR
|
| 958 |
|
|
|a OND
|
| 958 |
|
|
|a EUIPO
|
| 999 |
|
|
|c 2958950
|d 2960880
|